000
00265nam a2200109 a 4500
005
20140414093832.0
008
970109s19uu xx 00 eng d
050
_a
VHS 500
_b
OR 09
245
_a
Discover Science :
_b
Activity Video.
942
_c
AVM
999
_c
108767
_d
108767